01660 2200445 4500001002100000005001500021035002000036007000300056008004100059020003900100020003000139040002200169082001400191084001600205090002200221100003200243245028000275300005700555440002300612650004300635700002700678700003400705700004000739700003800779700003100817700003400848700003100882700002900913700003900942850001200981041000800993504002901001264003601030336002101066337003001087338002301117999002201140546003001162990002201192INLIS00000000086924220220329022137 a0010-0322000908ta220325s2020 yoia gr eng d a978-979-28-3493-2 (no.jil.lengkap) a978-979-28-3498-7 (jil.3) aYOPDYOGbinderda04223a420.7 a420.7 CIC b aCB-D.11 2020-35110 aCicik Kurniawatiepengarang10aBahasa Inggris :buntuk SMA/MA mata pelajaran wajib kelas XII /cCicik Kurniawati, Susiningsih, Yuniarti Dwi Arini; penyunting, Bachtiar Bima Mustriana, Deby Selvia Rahmat N., Prasetya Adhi Wardhana; ilustrator, Aries Setyawan, Dilla Eka Lusiana, Nunung Suparna, Rio Kuswanto avi, 218 halaman :bgambar, tabel, ilustrasi ;c30 cm aPR merdeka belajar 4aBahasa Inggris--xStudi dan pengajaran0 aSusiningsihepengarang0 aYuniarti Dwi Ariniepengarang0 aBachtiar Bima Mustrianaepenyunting0 aDeby Selvia Rahmat N.epenyunting0 aAries Setyawaneilustrator0 aDilla Eka Lusianaeilustrator0 aNunung Suparnaeilustrator0 aRio Kuswantoeilustrator0 aPrasetya Adhi Wardhanaepenyunting aYOPDYOG0 aeng aBibliografi: halaman 20831aBantul :bIntan Pariwara,c2020 2rdacontentateks 2rdamediaatanpa perantara 2rdacarrieravolume aCB-D.11/2020-3511 aTeks dalam bahasa Inggris aCB-D.11/2020-3511